000 00718nam a2200229Ia 4500
003 GCL
008 140319s9999 xx 000 0 ara d
040 _aGCL /
_cGCL
082 0 4 _a346.092
_bا د
100 1 _aاحمد شرف الدين
245 1 0 _aالدليل القانونى لتوظيف الاموال /
_cاحمد شرف الدين
260 _a[S.N] :
_bلا يوجد ،
_c1988
300 _a397 ص
490 _aالجديد فى سوق المال
_v0
650 0 4 _aالقانون
650 0 4 _aالاستثمار
650 0 4 _aالقانون التجارى
650 0 4 _aالديون
650 0 4 _aالمالية العامة
650 0 4 _aالعلاقات التجارية
942 _2ddc
_cBK
999 _c28417
_d28417